| 000 | 00000nas 2200000za 4500 |
| 001 | 9.503886 |
| 003 | CaOODSP |
| 005 | 20221107133327 |
| 007 | cr ||||||||||| |
| 008 | 150406d20062011onczr pso||||f0 b0fre|d |
| 040 | |aCaOODSP|bfre |
| 043 | |an-cn--- |
| 086 | 1 |aCC371-1F-PDF |
| 110 | 1 |aCanada.|bTéléfilm Canada. |
| 245 | 10|aTéléfilm Canada, plan d'entreprise ... |h[ressource électronique]. |
| 260 | |aOttawa : |bTéléfilm Canada, |c[2006-2011]. |
| 310 | |aTous les cinq ans |
| 362 | 1 |aParaît depuis 2006-2007 - 2010-2011; ne paraît plus après 2011-2012 - 2014-2015. |
| 500 | |aPubl. aussi en anglais sous le titre : Telefilm Canada corporate plan ... |
| 775 | 08|tTelefilm Canada corporate plan ... |w(CaOODSP)9.507499 |